01356nam a2200325 i 4500001000300000003000900003005001700012008003900029015001700068040003500085041001300120080001500133100004100148245011000189246006800299260008100367300003900448380001700487490008100504504001200585655003000597650002400627650002200651700004200673710004200715700006000757710003400817830008100851856009800932bgKOSZ 00520220121125104.0080218s1967 pl a f 001 0 eng aPB 1967/6908 aWA NcKOSZ 005/RWdKOSZ 005/RW1 aenghpol a519+517:161 aSłupecki, Jerzyd(1904-1987)eAutor10aElements of mathematical logic and set theory /cJ. Słupecki, L. Borkowski ; transl. by O. Wojtasiewicz.1 iTyt. oryg.:aElementy logiki matematycznej i teorii mnogości. aOxford :bPergamon Press ;aWarszawa :bPolish Scientific Publishers,c1967. aXII, 349 s. :bil., err. ;c23 cm. aKsiążki.1 aInternational Series of Monographs in Pure and Applied Mathematicsvvol. 96. aIndeks. 4aPodręczniki akademickie 4aLogika matematyczna 4aTeoria mnogości1 aBorkowski, Ludwikd(1914-1993)eAutor2 aPaństwowe Wydawnictwo Naukowe4pbl.1 aWojtasiewicz, Olgierd Adriand(1916-1995)eTłumaczenie2 aPergamon Press (Oxford)4pbl. 0aInternational Series of Monographs in Pure and Applied Mathematicsvvol. 96. uhttp://koha.tu.koszalin.pl/cgi-bin/koha/opac-detail.pl?biblionumber=10920yKatalog online BPK